| 000 | 00558nam a2200181 i 4500 | ||
|---|---|---|---|
| 001 | 119636 | ||
| 003 | ES-MaACL | ||
| 005 | 20230906191348.0 | ||
| 007 | t| | ||
| 008 | 070214s1967 sp r ||||1| spa d | ||
| 080 | _a668.5(091) | ||
| 100 | 1 |
_aPeris Guarch, José. _991277 |
|
| 245 | 1 | 3 |
_aLa mujer y los perfumes a través de los tiempos : _buna historia de la perfumería / _cJosé Peris Guarch. |
| 260 |
_aBarcelona : _bJ. Peris, _c1967. |
||
| 300 |
_a292 p. : _bil. ; _c21 cm. |
||
| 650 | 4 |
_aPerfumes- _vHistoria. _9174353 |
|
| 852 | 4 |
_aES-MaACL _jC-32045 |
|
| 999 |
_c119636 _d119636 |
||